000 00435nam a22001097a 4500
008 110705t xxu||||| |||| 00| 0 eng d
010 _aHCCAF25
245 _aHigh Court Criminal Appeal No. MMB 04 OF 1995 (From Cr. Case No. MMB 59/92) Nkwine Jackson Vs State
260 _c1995
500 _aBEFORE: THE HON. MR. JUSTICE A.N. KAROKORA
999 _c4549
_d4549